Представление документа в формате RUSMARC

ПолеНазваниеЗначение
  Тип записи a
  Библиографический уровень m
001 Контрольный номер RU/IS/BASE/275739546
005 Дата корректировки 20201206204609.9
010 Индекс ISBN __
a ISBN 9963-580-76-9
d Цена 140-00
101 Язык документа __
a Язык текста rus
c Язык оригинала ell
200 Заглавие и сведения об ответственности 1_
a Заглавие Музей Свято-Киккского монастыря
e Сведения, относящиеся к заглавию путеводитель
f Первые сведения об ответственности [сост.] Стилианос К. Пердикис ; фот. Радомер Светич]
b Общее обозначение материала Текст
210 Выходные данные __
a Место издания Никозия
c Издательство Изд-во Музея Св.-Кик. монастыря
d Дата издания 1998
215 Физическое описание __
a Объем 51 с.
c Иллюстрации/тип воспроизводства ил.
300 Общие примечания __
a Общие примечания Дар
330 Аннотация __
a Аннотация Музей Свято-Киккского монастыря формально отвечает всем современным требованиям, но несмотря на это он существенно отличается от других музеев. Пытаясь раскрыть художественную ценность своих сокровищ, музей, одновременно с этим, является неотъемлемой частью монастыря, на территории которого он расположен.
601 Наименование организации как предмет __
a Наименование организации как предмет Музей Свято-Киккского монастыря
601 Наименование организации как предмет __
a Наименование организации как предмет Свято-Киккский монастырь
601 Наименование организации как предмет __
a Наименование организации как предмет Святой монастырь Киккской Божьей Матери
606 Тематические рубрики __
a Основная рубрика Религия. Мистика. Свободомыслие
606 Тематические рубрики __
a Основная рубрика Православие
y Географическая подрубрика Греция; Кипр
610 Ключевые слова __
a Ключевые слова монастыри; православная культура; православные иконы; православные монастыри; иконы; музеи; музейные коллекции; музейные экскурсии; музейные экспозиции; музейные экспонаты
686 Индексы других классификаций __
a Классификационный индекс 86.372-6я2
702 Вторичная интеллектуальная ответственность _1
a Фамилия Светич.
b Имя Р.
4 Код отношения Фотограф
g Полное личное имя Радомер
801 Источник записи _0
a Страна RU
b Организация Муниципальное бюджетное учреждение культуры "Централизованная библиотечная система" г. Сургут (Центральная городская библиотека им. А. С. Пушкина)
g Правила каталогизации КиК/Поспелова
801 Источник записи _1
a Страна RU
b Организация Муниципальное бюджетное учреждение культуры "Централизованная библиотечная система" г. Сургут (Центральная городская библиотека им. А. С. Пушкина)
g Правила каталогизации КиК/Поспелова
852 Данные о местонахождении __
j Шифр хранения 86.372-6я2
c Каталожный индекс 86.372-6я2
i Авторский знак М 89
901 Тип документа __
t Тип документа m
903 Характеристики (МАРС) __
a Дата передачи 20081008
969 Тип издания __
a Тип издания путеводитель
990 Данные о заказе (DOS) __
j Количество экземпляров (DOS) 1
h N записи в КСУ для Б/У (DOS) 200810